Project planning for developing economies /

Guardado en:
Autor Principal: Shaner, W. W.
Formato: Libro
Idioma:Spanish
Publicado: New York : Praeger, c1979.
Materias:
Etiquetas: Agregar Etiqueta
Sin Etiquetas, Sea el primero en etiquetar este registro!
LEADER 00768nam a22002175 4500
001 EAD.ead002292
008 080718s1979####nyu######b####001#0#spa#d
005 20100901172919.0
245 1 0 |a Project planning for developing economies /  |c Willis W. Shaner. 
260 |a New York :  |b Praeger,  |c c1979. 
300 |a xviii; 235 p. ;  |c 24 cm. 
504 |a Incluye referencias bibliográficas (p. 213-228) e índice. 
020 |a 0030511267 
100 1 |a Shaner, W. W.  |q (Willis W.) 
082 0 4 |a 330  |2 21 
650 4 |a Economía.  |2 unbist 
650 4 |a Hacienda pública.  |2 unbist 
650 4 |a Análisis costo-beneficio.  |2 unbist 
650 4 |a Desarrollo económico.  |2 unbist 
650 4 |a Evaluación de proyectos.  |2 unbist 
859 |a AR-BaBDC  |b BIB. ADMINISTRACION - Libros  |h 330  |i Sh18  |p b01361